Statistiques concernant Quiz Ennemis du Docteur (Doctor Who)

Cliquez ici pour prendre le quiz!

Statistiques générales

  • Ce quiz a été pris 52 fois
  • Le résultat moyen est 10 sur 54

Statistiques - réponses

Réponse% Correct
Les Daleks
93%
Les Cybermen
89%
Le Maître
77%
Anges Pleureurs
64%
Sontariens
57%
Le Silence
50%
Davros
48%
Judoons
41%
Oods
41%
Siluriens
41%
Missy
36%
Zygon
32%
Slitheen
25%
La Grande Intelligence
23%
Vashta Nerada
23%
La Famille de sang
20%
Adipose
18%
Atraxi
18%
Le Guerrier de Glace
16%
Sycorax
16%
Lady Cassandra
14%
Racnoss
14%
Autons
11%
Jagrafess
11%
John Lumic
11%
La Conscience Nestene
11%
Rassilon
11%
Carrionites
9%
La Bête
9%
Les désossés
9%
Macras
9%
Max Capricorn
9%
Moines sans têtes
9%
Pyroviles
9%
Toclafanes
9%
Gelths
7%
Haths
5%
Krillitane
5%
Abzorbaloff
2%
M. Finch
2%
Vespiformes
2%
Cheetah
0%
Crabe à rêves
0%
Les Nimons
0%
Hoix
0%
Huon
0%
Isolus
0%
Krafayis
0%
Malmooth
0%
Robot Sandminer
0%
Saturnyniens
0%
Tenza
0%
Vinvocci
0%
Zocci
0%

Distribution des résultats

Percentile par nombre de réponses

% des personnes avec chaque résultat

Votre développement - résultats

Vous n’avez pas pris ce quiz